000 00704nam a2200217Ia 4500
003 OSt
005 20260313122640.0
008 220923b |||||||| |||| 00| 0 eng d
020 _a0195623177
037 _cGeneral Book
040 _aRTL
_cRTL
_beng
041 _2eng
_aeng
084 _aX 9 (J).273.N20<--L93, M9/TD
_qRTL
100 _aYang, Anand A.
_9105529
245 0 _aLimited Raj
_b Agrarian relations in Colonial India
260 _aDelhi
_bOxford University Press India
_c1989
300 _a271p.
_binculed biblograpical refrence an index
650 _aAgricultural Industry
942 _hX 9 (J).273.N20<--L93, M9/TD
_cTB
_2CC
999 _c542466
_d542466